000 01207nab a22002417a 4500
999 _c6004
_d6004
003 OSt
005 20260115224822.0
008 190605e xxu||||| |||| 00| 0 spa d
040 _cPJ
100 _95137
_aGambacorta, Mario L.
245 1 0 _a¿Estamos aplicando bien la ley 14.786? /
_cMario L. Gambacorta, Álvaro Daniel Ruiz.
260 _aCiudad Autónoma de Buenos Aires :
_bThomson Reuters La Ley,
_c2025.
300 _ap. 22-25
500 _aCita Online: Cita: TR LALEY AR/DOC/858/2025.
505 _aSumario: I. Una breve introducción a la temática que nos ocupa en este trabajo.— II. ¿Procedimiento obligatorio o conciliación obligatoria?— III. El procedimiento obligatorio de conciliación.— IV. La conciliación obligatoria.— V. Concluyendo.
505 _t¿Te interesa el texto completo? Solicitalo al correo: koha@justierradelfuego.gov.ar
650 0 _91316
_aDERECHO LABORAL
650 0 _94564
_aDERECHO DE HUELGA
650 0 _91329
_aCONCILIACION OBLIGATORIA
700 _96817
_aRuiz, Álvaro Daniel
773 0 _02711
_93168
_dCiudad Autónoma de Buenos Aires : Thomson Reuters La Ley, 1999-2002.
_tRevista de derecho del trabajo. Nº 3 - Mayo 2025
942 _2udc
_cANA